000 00614nam a22001937a 4500
003 OSt
005 20251204084811.0
008 251204b |||||||| |||| 00| 0 eng d
020 _a0-534-62577-0.
040 _aDWCL-Main
_cOC
082 _aCirc. 158.3 C663h 2006
100 _aCochran, Jeff L.
245 _aThe heart of counselling :
_ba guide to developing therepeutic relationships
_cCochran, Jeff L.
260 _aBelmont, Calif. :
_bThomson Higher Education,
_cc2006.
300 _axxvii, 303 pages ;
_c23 cm.
650 _21. Counseling.
700 _aCochran, Nancy H.
942 _2ddc
_cBK-CIRC
_kCirc.
_n0
999 _c6880
_d6880